Name These Islands - Statistics

General Stats
  • This quiz has been taken 13 times
  • The average score is 9 of 15
Answer Stats
Picture Answer % Correct
Greenland
92%
Long Island
92%
Falkland Islands
85%
Sri Lanka
85%
Baffin Island
62%
Bahamas
62%
Bahrain
62%
Crete
62%
Hispaniola
62%
Malta
54%
Sulawesi
54%
Puerto Rico
46%
Cape Verde
38%
Reunion
15%
Galapagos
0%
No matching quizzes found
Score Distribution
Percent of People with Each Score
Percentile by Number Answered
Your Score History
You have not taken this quiz